[Event "Cup Yugoslavia (w)"]
[Site "masterchessopen.com Pula (Croatia)"]
[Round "0"]
[White "Misanovic Vesna (BIH)"]
[Black "Nutu-Gajic Dana (AUS)"]
[Result "1-0"]
[WhiteElo "2326"]
[BlackElo "2350"]

1.d4 Nf6 2.c4 e6 3.Nc3 Bb4 4.f3 d5 5.a3 Bxc3+ 6.bxc3 c5 7.cxd5 Nxd5 8.dxc5 O-O
9.e4 Ne7 10.Qxd8 Rxd8 11.Be3 Nbc6 12.Rb1 Ne5 13.Nh3 N7c6 14.Nf2 Na5 15.Bf4
Nec4 16.Rb4 Nxa3 17.Bd3 Rxd3 18.Nxd3 Nc2+ 19.Kf2 Nxb4 20.cxb4 Nc6 21.Ra1 Nd4
22.Nb2 f6 23.Rd1 e5 24.Be3 Ne6 25.Nc4 Kf8 26.Ra1 Nc7 27.Nd6 a6 28.b5 Rb8 29.c6
bxc6 30.Ba7 Rxb5 31.Nxc8 Rb2+ 32.Kf1 Ne6 33.Be3 Rb3 34.Kf2 Rb2+ 35.Kg3 Rb3
36.Bc1 Nd4 37.Ba3+ Ke8 38.Nd6+ Kd7 39.Nf5 Nxf5+ 40.exf5 e4 41.Bf8 g6 42.Rxa6
exf3 43.gxf3 Rb5 44.Ra7+ Ke8 45.Bd6 Rxf5 46.Re7+ Kd8 47.Rxh7 {#r} 1-0

[Event "It (open) (juniors)"]
[Site "masterchessopen.com Stockerau (Austria)"]
[Round "0"]
[White "Loebler Heimo (AUT)"]
[Black "Chloupek Stanislav (CZE)"]
[Result "1-0"]
[WhiteElo "2153"]
[BlackElo "2338"]

1.d4 Nf6 2.c4 e6 3.Nc3 Bb4 4.f3 d5 5.a3 Bxc3+ 6.bxc3 c5 7.cxd5 Nxd5 8.Qd3 cxd4
9.cxd4 O-O 10.e4 Nb6 11.Be3 f5 12.Nh3 Nc6 13.Rd1 fxe4 14.fxe4 e5 15.d5 Bxh3
16.dxc6 Qxd3 17.Rxd3 Bc8 18.c7 Bg4 19.h3 Bh5 20.Rd6 Rac8 21.Bxb6 axb6 22.Rd7
Bf7 23.Bb5 Bb3 24.Rf1 Rxf1+ 25.Bxf1 Be6 26.Bc4 {#r} 1-0

[Event "It (open) (juniors) (under 18)"]
[Site "masterchessopen.com Stockerau (Austria)"]
[Round "8"]
[White "Krizsany Laszlo (HUN)"]
[Black "Csoke Adrienn (HUN)"]
[Result "1-0"]
[WhiteElo "2445"]
[BlackElo "2097"]

1.d4 Nf6 2.c4 e6 3.Nc3 Bb4 4.f3 d5 5.a3 Bxc3+ 6.bxc3 c5 7.cxd5 exd5 8.e3 Nc6
9.Bd3 Qe7 10.Ne2 Bd7 11.O-O O-O 12.Ng3 Rfe8 13.Ra2 Qd6 14.Re2 a6 15.Bb2 Rad8
16.Qa1 cxd4 17.cxd4 Bc8 18.Rd1 Qc7 19.Ree1 Qb6 20.Kh1 h5 21.e4 h4 22.e5 Nh7
23.Ne2 Ne7 24.g4 g5 25.Qb1 Nf8 26.h3 Neg6 27.f4 Nxf4 28.Nxf4 gxf4 29.Qc2 Bd7
30.Qf2 Ng6 31.Rb1 Qb3 32.Qd2 Bb5 33.Bc3 Qxa3 34.e6 Qd6 35.Bb4 Qb8 36.Bxg6 fxg6
37.Re5 Qc8 38.Rc1 Bc4 39.e7 Rd7 40.Qxf4 Qc6 41.Qf8+ {#r} 1-0

[Event "Ch USA (juniors) (under 20)"]
[Site "masterchessopen.com Washington (USA)"]
[Round "3"]
[White "Rohwer Paul (USA)"]
[Black "Benjamin Dan (USA)"]
[Result "1-0"]
[WhiteElo "2225"]
[BlackElo "2280"]

1.d4 Nf6 2.c4 e6 3.Nc3 Bb4 4.f3 d5 5.a3 Bxc3+ 6.bxc3 c5 7.cxd5 Nxd5 8.Qd3 Nc6
9.e4 Nde7 10.Be3 Qa5 11.dxc5 O-O 12.Qc2 Rd8 13.Ne2 e5 14.Nc1 Be6 15.Bd3 Nd4
16.Qb2 a6 17.O-O Nb5 18.a4 Nc7 19.c6 Rxd3 20.Nxd3 b5 21.Nc5 Qb6 22.Bf2 Qxc6
23.axb5 Nxb5 24.Nxe6 fxe6 25.Qb4 Ng6 26.c4 Nd4 27.Bxd4 exd4 28.c5 e5 29.Qc4+
Kh8 30.Qd5 Qe8 31.g3 h5 32.Qd6 a5 33.c6 h4 34.c7 {#r} 1-0

[Event "It (open)"]
[Site "masterchessopen.com Belfort (France)"]
[Round "2"]
[White "Bacrot Etienne (FRA)"]
[Black "Lecuyer Christian (FRA)"]
[Result "0-1"]
[WhiteElo "2705"]
[BlackElo "2182"]

1.d4 Nf6 2.c4 e6 3.Nc3 Bb4 4.f3 d5 5.a3 Bxc3+ 6.bxc3 c5 7.cxd5 Nxd5 8.dxc5 Qa5
9.e4 Ne7 10.Be3 O-O 11.Qb3 Qc7 12.Nh3 Nec6 13.Nf2 Na5 14.Qc2 e5 15.Be2 Be6
16.O-O Nd7 17.Nd3 Nb3 18.Rab1 Nbxc5 19.Rfd1 Rfc8 20.Nb4 a6 21.c4 Qa5 22.Qa2 b5
23.Nd5 Bxd5 24.Rxd5 Rab8 25.cxb5 axb5 26.Qa1 Rb7 27.h3 h6 28.Kh2 Kh7 29.Bxc5
Rxc5 30.Rxc5 Nxc5 31.Qxe5 Qxa3 32.Rxb5 Rxb5 33.Bxb5 Ne6 34.Bc4 Qe7 35.f4 Kg8
36.Bxe6 fxe6 37.f5 Kf7 38.Qxe6+ Qxe6 39.fxe6+ Kxe6 40.Kg3 Ke5 41.Kf3 g5 42.Ke3
h5 43.g3 h4 44.gxh4 gxh4 45.Kf3 {#R} 0-1

[Event "It (open) \"]
[Site "masterchessopen.com Budapest (Hungary)"]
[Round "3"]
[White "Leube Oliver (GER)"]
[Black "Roemer Ulrich (GER)"]
[Result "0-1"]
[WhiteElo "1949"]
[BlackElo "2292"]

1.d4 e6 2.c4 Nf6 3.Nc3 Bb4 4.f3 d5 5.a3 Bxc3+ 6.bxc3 c5 7.cxd5 Nxd5 8.Qd3 cxd4
9.cxd4 b6 10.e4 Ba6 11.Qd2 Bxf1 12.Kxf1 Ne7 13.Ne2 O-O 14.g3 Qd7 15.Kg2 Nbc6
16.Rd1 Rac8 17.Qd3 Rfd8 18.Bb2 Ne5 19.Qb3 Nc4 20.Rac1 Nxb2 21.Qxb2 h6 22.Rxc8
Rxc8 23.Qb3 Qb7 24.Rc1 Rxc1 25.Nxc1 Nc6 26.d5 exd5 27.Qxd5 Na5 28.Qb5 Qc6
29.Qxc6 Nxc6 30.Nb3 Kf8 31.Kf2 Ke7 32.Ke3 Ke6 33.f4 b5 34.Nd4+ Nxd4 35.Kxd4 f6
36.g4 a5 37.h4 g5 38.hxg5 hxg5 39.e5 fxe5+ 40.fxe5 b4 41.axb4 axb4 42.Kc4 Kxe5
{#R} 0-1

[Event "It (open)"]
[Site "masterchessopen.com Groningen (Netherlands)"]
[Round "0"]
[White "Matveeva Svetlana (RUS)"]
[Black "Van Gisbergen Stan (NED)"]
[Result "1-0"]
[WhiteElo "2425"]
[BlackElo "2319"]

1.d4 Nf6 2.c4 e6 3.Nc3 Bb4 4.a3 Bxc3+ 5.bxc3 c5 6.f3 d5 7.cxd5 Nxd5 8.dxc5 Qa5
9.e4 Ne7 10.Be3 O-O 11.Qb3 Qc7 12.f4 Ng6 13.Nh3 Nd7 14.Qc4 Nf6 15.Be2 Bd7
16.O-O Bc6 17.e5 Nd5 18.Bf2 Rfd8 19.a4 Rac8 20.Rfc1 a6 21.Bh5 Rd7 22.Bxg6 hxg6
23.Ng5 Ne7 24.Ne4 Bxe4 25.Qxe4 Rcd8 26.Rab1 Rd5 27.Re1 Nc6 28.Rb2 Rd3 29.Bd4
R8xd4 30.cxd4 Rxd4 31.Qe3 Rxa4 32.Rd1 Ne7 33.Rxb7 {#r} 1-0

[Event "It (open)"]
[Site "masterchessopen.com Helsinki (Finland)"]
[Round "5"]
[White "Kilpi Teemu (FIN)"]
[Black "Aseev Konstantin N (RUS)"]
[Result "0-1"]
[WhiteElo "2135"]
[BlackElo "2560"]

1.d4 Nf6 2.c4 e6 3.Nc3 Bb4 4.f3 d5 5.a3 Bxc3+ 6.bxc3 c5 7.cxd5 Nxd5 8.Qd3 b6
9.e4 Ba6 10.Qc2 Bxf1 11.Kxf1 Ne7 12.Ne2 O-O 13.Be3 cxd4 14.cxd4 Nbc6 15.Kf2
Rc8 16.Qa2 Qd7 17.Rhd1 Na5 18.d5 exd5 19.Nf4 Qa4 20.Nxd5 Rc2+ 21.Qxc2 Qxc2+
22.Rd2 Qb3 23.Nxe7+ Kh8 24.Rad1 h6 25.Rd7 Kh7 26.R1d3 Qb2+ 27.Kg3 Nc4 28.Bd4
Qe2 29.Bf2 Re8 30.R3d5 a5 31.h4 Ne3 32.Bxe3 Qxe3 33.Nf5 Qe1+ 34.Kh2 Rc8 35.h5
Qc1 36.Rd8 Rxd8 37.Rxd8 Qc7+ {#R} 0-1

[Event "It"]
[Site "masterchessopen.com New York (USA)"]
[Round "11"]
[White "Sagalchik Gennadij (USA)"]
[Black "Moskow Eric (USA)"]
[Result "1-0"]
[WhiteElo "2442"]
[BlackElo "2177"]

1.d4 Nf6 2.c4 e6 3.Nc3 Bb4 4.a3 Bxc3+ 5.bxc3 c5 6.f3 d5 7.cxd5 Nxd5 8.dxc5 O-O
9.e4 Ne7 10.Qxd8 Rxd8 11.Nh3 Nd7 12.Be3 Ne5 13.Nf2 Bd7 14.Rb1 Bc6 15.Be2 Rd7
16.O-O Rad8 17.Rb4 N5g6 18.Rd4 e5 19.Rxd7 Rxd7 20.Rb1 a6 21.Bc4 Kf8 22.Bxa6
{#r} 1-0

[Event "It (open)"]
[Site "masterchessopen.com Quebec (Canada)"]
[Round "0"]
[White "Levtchouk George (CAN)"]
[Black "St Pierre Benoit (CAN)"]
[Result "1-0"]
[WhiteElo "2323"]
[BlackElo "2226"]

1.d4 Nf6 2.c4 e6 3.Nc3 Bb4 4.f3 d5 5.a3 Bxc3+ 6.bxc3 c5 7.cxd5 Nxd5 8.dxc5 Qa5
9.e4 Ne7 10.Be3 e5 11.Qb3 Be6 12.Bb5+ Nbc6 13.Bc4 Bxc4 14.Qxc4 O-O 15.Nh3 Rad8
16.O-O Rd7 17.f4 exf4 18.Bxf4 Ng6 19.Bd6 Re8 20.Nf4 Nge5 21.Qb3 Qa6 22.Rad1
Qc4 23.Qc2 Ng4 24.Nd5 Rxe4 25.Rde1 Rxe1 26.Rxe1 Rd8 27.Qf5 g6 28.Nf6+ Nxf6
29.Qxf6 Rc8 30.h3 h5 31.Kh2 Qa2 32.Re3 Qd2 33.Re4 Qh6 34.Re2 Qg7 35.Qf3 f5
36.Qd5+ Qf7 37.Re6 Kg7 38.Be5+ Kh7 39.Bf6 Re8 {#r} 1-0

[Event "Ch New Zealand"]
[Site "masterchessopen.com New Zealand"]
[Round "0"]
[White "Dive Russell John (NZL)"]
[Black "Noble Mark Frederick (NZL)"]
[Result "1-0"]
[WhiteElo "2339"]
[BlackElo "2233"]

1.d4 Nf6 2.c4 e6 3.Nc3 Bb4 4.a3 Bxc3+ 5.bxc3 c5 6.f3 d5 7.cxd5 exd5 8.e3 Bf5
9.Ne2 Nc6 10.Nf4 O-O 11.g4 Be6 12.h4 Re8 13.Kf2 Qd6 14.Bd3 Ne7 15.Qg1 Nd7
16.Bd2 Rac8 17.Qb1 g6 18.h5 Rc6 19.hxg6 fxg6 20.Rxh7 Kxh7 21.Bxg6+ Kg8 22.Bxe8
Rb6 23.Qc2 Nf6 24.Bg6 c4 25.g5 Nd7 26.Rh1 Qxa3 27.Bh7+ Kf8 28.Nxe6+ Rxe6
29.Bf5 Nxf5 30.Qxf5+ Ke7 31.Rh7+ Kd6 32.Qf7 Qa4 33.e4 Qc6 34.Bf4+ {#r} 1-0

[Event "Ch Europe (juniors) (under 16) (g)"]
[Site "masterchessopen.com Baile Herculane (Romania)"]
[Round "8"]
[White "Andriana Anca (ROM)"]
[Black "Peptan Corina-Isabela (ROM)"]
[Result "0-1"]
[WhiteElo "2102"]
[BlackElo "2255"]

1.d4 Nf6 2.c4 e6 3.Nc3 Bb4 4.a3 Bxc3+ 5.bxc3 c5 6.f3 d5 7.cxd5 Nxd5 8.dxc5 f5
9.Nh3 Qa5 10.e4 fxe4 11.fxe4 Nf6 12.Bd2 Qxc5 13.Bd3 O-O 14.Qe2 Nc6 15.Nf2 Ne5
16.Bc2 Bd7 17.Qe3 Qc7 18.Qg3 Nh5 19.Qg5 Nf4 20.Qg3 Bb5 21.Bxf4 Rxf4 22.Rd1 Rf3
23.Qg5 Qxc3+ 24.Rd2 Re3+ {#R} 0-1

[Event "It (open)"]
[Site "masterchessopen.com Biel (Switzerland)"]
[Round "0"]
[White "Liardet Fabrice (SUI)"]
[Black "Siegel Georg (GER)"]
[Result "0-1"]
[WhiteElo "2270"]
[BlackElo "2385"]

1.d4 Nf6 2.c4 e6 3.Nc3 Bb4 4.a3 Bxc3+ 5.bxc3 c5 6.f3 d5 7.cxd5 Nxd5 8.Qd3 b6
9.e4 Ba6 10.c4 Ne7 11.d5 exd5 12.exd5 O-O 13.Bb2 Nc8 14.Qc3 Qh4+ 15.g3 Qh6
16.Kf2 Nd7 17.Re1 Nd6 18.Re7 Rad8 19.Bh3 Nf6 20.Bc1 Qg6 21.Bf1 Rfe8 22.Rxe8+
Rxe8 23.Bd3 Nxd5 24.Qb3 Qe6 25.Ne2 Ne3 26.Nf4 Qe7 27.Bxh7+ Kxh7 28.Bxe3 Nxc4
29.Re1 Qd6 30.Rd1 Qh6 31.Re1 Qxh2+ 32.Ng2 Ne5 33.Rd1 Bb7 34.Qb1+ Kg8 35.Rh1
Ng4+ {#R} 0-1

[Event "It \"]
[Site "masterchessopen.com Jyvaskyla (Finland)"]
[Round "2"]
[White "Kilpi Teemu (FIN)"]
[Black "Shneider Aleksandr (UKR)"]
[Result "0-1"]
[WhiteElo "2135"]
[BlackElo "2535"]

1.d4 Nf6 2.c4 e6 3.Nc3 Bb4 4.f3 d5 5.a3 Bxc3+ 6.bxc3 c5 7.cxd5 Nxd5 8.Qd3 b6
9.e4 Ba6 10.Qc2 Bxf1 11.Kxf1 Ne7 12.Ne2 O-O 13.Kf2 Qc8 14.Ra2 Nbc6 15.Rd1 Na5
16.Bg5 f6 17.Bf4 Rd8 18.Qa4 Qc6 19.Qxc6 Nexc6 20.Be3 e5 21.d5 Nc4 22.g4 N6a5
23.Ng3 Nd6 24.h4 Nac4 25.a4 g6 26.h5 Kf7 27.Ke2 f5 28.hxg6+ hxg6 29.gxf5 gxf5
30.Nxf5 Nxf5 31.exf5 Kf6 32.a5 Kxf5 33.Rb1 Nxa5 34.Bxc5 Rxd5 35.Bb4 Rh8 36.Rf1
Nc4 37.Ke1 a5 38.Ba3 Rd3 39.Bc1 Rxc3 {#R} 0-1

[Event "It (open)"]
[Site "masterchessopen.com Solingen (Germany)"]
[Round "8"]
[White "Hubert Ralf (GER)"]
[Black "Rechmann Peter (GER)"]
[Result "0-1"]
[WhiteElo "2293"]
[BlackElo "2316"]

1.d4 Nf6 2.c4 e6 3.Nc3 Bb4 4.a3 Bxc3+ 5.bxc3 c5 6.f3 d5 7.cxd5 Nxd5 8.Qd2 cxd4
9.cxd4 Nc6 10.e4 Nb6 11.Bb5 O-O 12.Ne2 Qh4+ 13.g3 Qh5 14.Qd3 f5 15.e5 Rd8
16.Qe3 Ne7 17.O-O Nbd5 18.Qf2 Bd7 19.Bd3 Rac8 20.Bd2 g5 21.Rab1 Bc6 22.Bc4 Rc7
23.Ba5 b6 24.Bb4 Qg6 25.Bd6 Rcd7 26.Rbc1 Nc8 27.Ba6 Bb7 28.Bb5 Rf7 29.Bb8 f4
30.g4 Ne3 31.Rfe1 h5 32.d5 Bxd5 33.Nc3 Bb7 34.Ne4 Bxe4 35.fxe4 hxg4 36.Ba6 Ne7
37.Bxa7 Rh7 38.Rxe3 fxe3 39.Qxe3 Qh5 40.Qe2 Ng6 41.Bxb6 Nf4 42.Qa2 g3 43.Bxd8
gxh2+ 44.Kf2 Qh4+ 45.Ke3 Qg3+ 46.Kd4 Qg1+ 47.Rxg1 hxg1=Q+ 48.Kc3 Qe1+ {#R} 0-1

[Event "Staatsliga B East 1994/95"]
[Site "masterchessopen.com Austria"]
[Round "0"]
[White "Rittler Robert (AUT)"]
[Black "Janetschek Karl (AUT)"]
[Result "0-1"]
[WhiteElo "2199"]
[BlackElo "2310"]

1.d4 Nf6 2.c4 e6 3.Nc3 Bb4 4.f3 d5 5.a3 Bxc3+ 6.bxc3 c5 7.cxd5 Nxd5 8.dxc5 f5
9.Nh3 O-O 10.c4 Nf6 11.Qxd8 Rxd8 12.Bf4 Na6 13.c6 bxc6 14.e3 Nc5 15.Nf2 Ba6
16.Be2 Nfd7 17.Bc7 Rdc8 18.Bd6 Nb7 19.Bb4 c5 20.Bc3 Nb6 21.Rb1 Nd6 22.Nd3 Bxc4
23.Kf2 Nb5 24.Bb2 Bxd3 25.Bxd3 c4 26.Be2 Rc5 27.Rhc1 Rac8 28.a4 Nxa4 29.Ba3
Nxa3 30.Ra1 Nb6 31.Rxa3 R8c7 {#R} 0-1

[Event "It (open)"]
[Site "masterchessopen.com Avoine (France)"]
[Round "9"]
[White "Van Ketel Raoul (NED)"]
[Black "Berend Fred (LUX)"]
[Result "0-1"]
[WhiteElo "2286"]
[BlackElo "2415"]

1.d4 Nf6 2.c4 e6 3.Nc3 Bb4 4.a3 Bxc3+ 5.bxc3 c5 6.f3 d5 7.cxd5 Nxd5 8.dxc5 f5
9.e4 fxe4 10.Qc2 O-O 11.fxe4 Qh4+ 12.g3 Qf6 13.Bg2 Qxc3+ 14.Qxc3 Nxc3 15.Be3
Nc6 16.a4 Nb4 17.Kd2 Nca2 18.Nf3 Rd8+ 19.Ke2 Nc3+ 20.Kf2 Nxe4+ 21.Ke2 Nc3+
22.Kf2 Nd3+ 23.Kg1 Nd5 24.Bd4 N5b4 25.Bc3 a5 26.Rd1 Bd7 27.Bxb4 Nxb4 28.Ne5
Bc6 29.Kf2 Rf8+ 30.Bf3 Rxf3+ 31.Nxf3 {#R} 0-1

[Event "It (open)"]
[Site "masterchessopen.com Linares (Spain)"]
[Round "0"]
[White "Martinez Daniel (MEX)"]
[Black "Solozhenkin Evgeniy (RUS)"]
[Result "0-1"]
[WhiteElo "2185"]
[BlackElo "2515"]

1.d4 Nf6 2.c4 e6 3.Nc3 Bb4 4.f3 d5 5.a3 Bxc3+ 6.bxc3 c5 7.cxd5 Nxd5 8.Qd3 b6
9.e4 Ba6 10.Qd2 Bxf1 11.Kxf1 Ne7 12.Ne2 Nbc6 13.Kf2 O-O 14.Rd1 Na5 15.Qa2 Qd7
16.Be3 c4 17.Ng3 f5 18.exf5 exf5 19.Nf1 Nd5 20.Bd2 f4 21.Qc2 Nb3 22.Rab1 Qa4
23.Bc1 Nc5 24.Qxa4 Nxa4 25.Re1 Ndxc3 26.Ra1 Rad8 {#R} 0-1

[Event "Ch Moscow (open)"]
[Site "masterchessopen.com Moscow (Russia)"]
[Round "5"]
[White "Kosyrev Vladimir (RUS)"]
[Black "Kostin Mikhail Y (RUS)"]
[Result "1-0"]
[WhiteElo "2155"]
[BlackElo "2233"]

1.d4 Nf6 2.c4 e6 3.Nc3 Bb4 4.f3 d5 5.a3 Bxc3+ 6.bxc3 c5 7.cxd5 Nxd5 8.Qd2 Qa5
9.e4 Ne7 10.Bc4 O-O 11.Ne2 Nbc6 12.Kf2 f5 13.exf5 Nxf5 14.Rf1 cxd4 15.cxd4
Qxd2 16.Bxd2 Nfxd4 17.Nxd4 Nxd4 18.Bc3 Nc6 19.Rfe1 Kf7 20.Rad1 Re8 21.f4 a6
22.f5 Nd8 23.Ba5 b5 24.Bb3 Nc6 25.fxe6+ Ke7 26.Bb6 Nd8 27.Bxd8+ Rxd8 28.Rxd8
{#r} 1-0

[Event "It (open) (a)"]
[Site "masterchessopen.com Augustow (Poland)"]
[Round "0"]
[White "Ostrowski Andrzej (POL)"]
[Black "Galkiewicz Dariusz (POL)"]
[Result "1-0"]
[WhiteElo "2265"]
[BlackElo "2222"]

1.d4 Nf6 2.c4 e6 3.Nc3 Bb4 4.f3 d5 5.a3 Bxc3+ 6.bxc3 c5 7.cxd5 Nxd5 8.dxc5 Qa5
9.e4 Ne7 10.Be3 O-O 11.Qb3 Nec6 12.Bb5 Bd7 13.Ne2 Ne5 14.Bxd7 Nbxd7 15.O-O
Rfc8 16.c6 bxc6 17.Rfd1 Rab8 18.Qa2 Nc5 19.Bd4 Ned7 20.Rab1 Qa4 21.Qd2 h6
22.Ng3 Rxb1 23.Rxb1 Qxa3 24.Nh5 e5 25.Be3 Nb6 26.Bxh6 Ne6 27.Bxg7 Nf4 28.Bxe5
Qc5+ 29.Bd4 Nh3+ 30.gxh3 Qxh5 31.Qg2+ Qg6 32.Qxg6+ fxg6 33.Bxb6 Rb8 34.Rd1
Rxb6 35.Rd8+ Kf7 36.Rd7+ Kf6 37.Rxa7 Rb3 38.Kf2 Rxc3 39.Kg3 Rc1 40.h4 c5
41.Kf4 Rh1 42.e5+ Ke6 43.Ra6+ Kf7 44.h5 gxh5 45.Kf5 c4 46.Ra7+ {#r} 1-0

[Event "It (open) (active)"]
[Site "masterchessopen.com Barcelona (Spain)"]
[Round "0"]
[White "Alcala Valiente Juan C (ESP)"]
[Black "Marciano David (FRA)"]
[Result "0-1"]
[WhiteElo "2133"]
[BlackElo "2480"]

1.d4 Nf6 2.c4 e6 3.Nc3 Bb4 4.f3 d5 5.a3 Bxc3+ 6.bxc3 c5 7.cxd5 Nxd5 8.Qd3 b6
9.Qb5+ Nd7 10.e4 Nxc3 11.Qd3 cxd4 12.Qxd4 Qf6 13.e5 Nxe5 14.Qxc3 Nd3+ 15.Qxd3
Qxa1 16.Qe3 O-O 17.Nh3 Rd8 18.Be2 Bb7 19.Kf2 Rac8 20.Bd3 h6 21.Rd1 Rxd3
22.Rxd3 Qxc1 23.Qxc1 Rxc1 24.Rd8+ Kh7 25.Rd7 Bd5 26.Rxa7 e5 27.Ke3 Re1+ 28.Kd2
Rh1 29.Ra6 Rxh2 30.Rxb6 Rxg2+ {#R} 0-1

[Event "?"]
[Site "masterchessopen.com corr."]
[Round "0"]
[White "Aaltio Erkki (FIN)"]
[Black "Kytoniemi Jyrki (FIN)"]
[Result "0-1"]
[WhiteElo "2133"]
[BlackElo "2210"]

1.d4 Nf6 2.c4 e6 3.Nc3 Bb4 4.f3 d5 5.a3 Bxc3+ 6.bxc3 c5 7.cxd5 Nxd5 8.Qd3 b6
9.e4 Ba6 10.Qc2 Bxf1 11.Kxf1 Ne7 12.Ne2 Nbc6 13.Kf2 Na5 14.Qa2 cxd4 15.cxd4
O-O 16.Bd2 Nac6 17.Bc3 Qd6 18.g3 Rfd8 19.Rhd1 Rac8 20.Qb2 Rd7 21.Rd2 Rcd8
22.Rad1 Ng6 23.Kg2 Qc7 24.Qb3 Qb7 25.h4 Qa6 26.a4 Nce5 27.Ra2 Nc4 28.Rc1 Rc7
29.h5 Nf8 30.Kf2 Rdc8 31.h6 gxh6 32.Rh1 Na5 33.Qa3 Nc4 34.Qc1 Nd6 35.Qxh6 Rxc3
36.Nxc3 Rxc3 37.Qg5+ Ng6 38.Qd8+ Kg7 39.Qxd6 Qd3 {#R} 0-1

[Event "It (open)"]
[Site "masterchessopen.com Krasnodar (Russia)"]
[Round "8"]
[White "Volkov Sergey Viktorovich (RUS)"]
[Black "Zangiev Pavel (RUS)"]
[Result "1-0"]
[WhiteElo "2485"]
[BlackElo "2270"]

1.d4 Nf6 2.c4 e6 3.Nc3 Bb4 4.f3 d5 5.a3 Bxc3+ 6.bxc3 c5 7.cxd5 Nxd5 8.dxc5 Qa5
9.e4 Nf6 10.Be3 O-O 11.Qb3 Na6 12.Nh3 Bd7 13.Nf4 Ba4 14.Qb2 b6 15.cxb6 Rab8
16.Nd3 Nd7 17.Nb4 Nac5 18.bxa7 Qxa7 19.Bf2 Ne5 20.Be2 Rxb4 21.axb4 Ned3+
22.Bxd3 Nxd3+ 23.Kf1 Qd7 24.Qd2 Bb5 25.Kg1 e5 26.h3 f5 27.Ra7 Qe6 28.Qg5 Bd7
29.exf5 Qd6 30.Be3 Rf6 31.Ra8+ Kf7 32.Qh5+ Ke7 33.Qxh7 Rxf5 34.Qxg7+ Ke6
35.Qg8+ Rf7 36.Qg4+ {#r} 1-0

[Event "It (open)"]
[Site "masterchessopen.com Marijampole (Lithuania)"]
[Round "4"]
[White "Abromaitis Marius (LTU)"]
[Black "Macionis Andrius (LTU)"]
[Result "0-1"]
[WhiteElo "2059"]
[BlackElo "2333"]

1.d4 Nf6 2.c4 e6 3.Nc3 Bb4 4.f3 d5 5.a3 Bxc3+ 6.bxc3 c5 7.cxd5 Nxd5 8.dxc5 Qa5
9.e4 Ne7 10.Qd2 O-O 11.c4 Qxc5 12.Qc3 Ng6 13.Be3 Qc7 14.Bd3 Nf4 15.Bxf4 Qxf4
16.Ne2 Qc7 17.O-O e5 18.Kh1 Nc6 19.f4 Bg4 20.Rf2 Bxe2 21.Bxe2 exf4 22.Raf1 Ne5
23.Rxf4 Rac8 24.Rf5 f6 25.h4 b5 26.h5 h6 27.c5 Qxc5 28.Qb3+ Kh8 29.Qxb5 Qxa3
30.Qb7 a5 31.Qb5 Qb4 32.Qd5 Rcd8 33.Qe6 Qxe4 34.R1f2 a4 35.Qe7 Rfe8 36.Qc7 Rc8
37.Qd6 Rc1+ 38.Bf1 Rc6 39.Qd2 Qh4+ 40.Kg1 Ng4 41.g3 Qxg3+ 42.Rg2 Qe3+ 43.Kh1
Qxd2 {#R} 0-1

[Event "It \"]
[Site "masterchessopen.com Philadelphia (USA)"]
[Round "0"]
[White "Inocencio Edgarlino S (USA)"]
[Black "Kaufman Larry C (USA)"]
[Result "0-1"]
[WhiteElo "2136"]
[BlackElo "2420"]

1.d4 Nf6 2.c4 e6 3.Nc3 Bb4 4.f3 d5 5.a3 Bxc3+ 6.bxc3 c5 7.cxd5 Nxd5 8.dxc5 Qa5
9.e4 Nf6 10.Be3 O-O 11.Ne2 Nfd7 12.Qd6 Nc6 13.Kf2 Rd8 14.Qg3 Nxc5 15.Nf4 Nb3
16.Re1 Qxc3 17.Be2 Nbd4 18.Rc1 Nxe2 19.Nxe2 Qxa3 20.Bg5 Rd7 21.Rhd1 e5 22.Bf6
Qf8 23.Rd5 Rxd5 24.exd5 Nb4 25.Rd1 Bf5 26.d6 Nd3+ 27.Kg1 Bg6 28.Be7 Qc8 29.h4
Qc2 30.Rxd3 Bxd3 31.Bf6 Bg6 32.Qxe5 gxf6 33.Qe7 Qc5+ {#R} 0-1

[Event "It (open)"]
[Site "masterchessopen.com Reykjavik (Iceland)"]
[Round "3"]
[White "Asgeirsson Heimir (ISL)"]
[Black "Thorfinnsson Bragi (ISL)"]
[Result "1-0"]
[WhiteElo "2185"]
[BlackElo "2155"]

1.d4 Nf6 2.c4 e6 3.Nc3 Bb4 4.f3 d5 5.a3 Bxc3+ 6.bxc3 c5 7.cxd5 Nxd5 8.Qd3 Nc6
9.e4 Nde7 10.dxc5 Qa5 11.Be3 e5 12.Ne2 O-O 13.a4 f5 14.Nc1 fxe4 15.fxe4 Be6
16.Ra3 Kh8 17.Be2 Rad8 18.Qb5 Qc7 19.Nb3 a6 20.Qb6 Qd7 21.Nd2 Ng6 22.Nf3 Nf4
23.Bxf4 Rxf4 24.O-O Rxe4 25.Rd1 Qe7 26.Rxd8+ Nxd8 27.Bf1 Nc6 28.Ra1 Qd7 29.Qb1
Rg4 30.Qd1 Qf7 31.Qd6 Qf6 32.Rb1 Bc8 33.Qc7 Qf5 34.Re1 Rf4 35.Bd3 e4 36.Bxe4
Qxc5+ 37.Kh1 Rf8 38.Bxc6 bxc6 39.Qe7 Qxe7 40.Rxe7 Bg4 41.Rc7 Rd8 42.h3 Rd1+
43.Kh2 Bxf3 44.Rc8+ {#r} 1-0

[Event "It (open)"]
[Site "masterchessopen.com Vendrell (Spain)"]
[Round "7"]
[White "Raineri Pablo (ARG)"]
[Black "Oms Pallise Josep (AND)"]
[Result "1-0"]
[WhiteElo "2275"]
[BlackElo "2395"]

1.d4 Nf6 2.c4 e6 3.Nc3 Bb4 4.a3 Bxc3+ 5.bxc3 c5 6.f3 d5 7.cxd5 Nxd5 8.Qd3 cxd4
9.cxd4 b6 10.e4 Ba6 11.Qd2 Bxf1 12.Kxf1 Ne7 13.Ne2 O-O 14.Kf2 Nbc6 15.Bb2 Na5
16.Qd3 Qd7 17.Bc3 Nb7 18.Rhd1 Rfd8 19.Rac1 f5 20.Nf4 Nd6 21.Kg1 Ng6 22.Nh5
fxe4 23.fxe4 Nb5 24.Bb2 e5 25.Qb3+ Kh8 26.dxe5 Qg4 27.Ng3 Rxd1+ 28.Qxd1 Qf4
29.Qd5 Rf8 30.Qxb5 Qf2+ 31.Kh1 Nf4 32.Qf1 Qe3 33.Qe1 Qd3 34.Qc3 Qb5 35.e6 Nxe6
36.Qe5 Qd7 37.Nf5 Qd2 38.h3 Qd7 39.Qg3 Rf7 40.Qc3 {#r} 1-0

[Event "It (open) \"]
[Site "masterchessopen.com Balatonbereny (Hungary)"]
[Round "2"]
[White "Kis Bela (HUN)"]
[Black "Nagy Zoltan_ (HUN)"]
[Result "0-1"]
[WhiteElo "2063"]
[BlackElo "1895"]

1.d4 Nf6 2.c4 e6 3.Nc3 Bb4 4.a3 Bxc3+ 5.bxc3 c5 6.f3 d5 7.cxd5 Nxd5 8.dxc5 Qa5
9.e4 Ne7 10.Be3 Qxc3+ 11.Kf2 O-O 12.Ne2 Qa5 13.Qc2 f5 14.Nf4 e5 15.Bc4+ Kh8
16.Nd3 Nbc6 17.Bd5 fxe4 18.Bxe4 Bf5 19.Kg3 Rad8 20.Rhe1 Bxe4 21.fxe4 Qb5
22.Rad1 Rd7 23.Nb2 Nd4 24.Bxd4 exd4 25.h3 Rc8 26.Nd3 b6 27.Qa2 bxc5 28.Ne5 c4
29.Nxd7 Qxd7 30.Qd2 d3 31.Qc3 Ng6 32.e5 h6 33.Re4 Qd5 34.Qd4 Qxd4 35.Rxd4 Nxe5
36.Kf4 Rc5 37.Ke3 c3 38.R4xd3 Nxd3 39.Kxd3 Rg5 40.Rg1 Rg3+ 41.Kc2 Kh7 42.a4 g5
43.a5 Kg6 44.a6 h5 45.Kb3 h4 {#R} 0-1

[Event "It (open)"]
[Site "masterchessopen.com Bratto (Italy)"]
[Round "7"]
[White "Sbarra Marco (ITA)"]
[Black "Bossi Alessandro (ITA)"]
[Result "1-0"]
[WhiteElo "2280"]
[BlackElo "2019"]

1.d4 Nf6 2.c4 e6 3.Nc3 Bb4 4.f3 d5 5.a3 Bxc3+ 6.bxc3 c5 7.cxd5 exd5 8.e3 Bf5
9.Ne2 O-O 10.Nf4 cxd4 11.cxd4 Re8 12.Be2 Nc6 13.Bd2 Rc8 14.g4 Bg6 15.Rc1 Qd6
16.Rc3 Rc7 17.Kf2 a6 18.Nxg6 hxg6 19.h4 Rce7 20.Bd3 b5 21.h5 gxh5 22.g5 Nd7
23.Rxh5 g6 24.Rh6 Kg7 25.Qh1 Rg8 26.a4 Na7 27.axb5 axb5 28.Bxb5 Kf8 29.Rh8 Re8
30.Bxd7 Qxd7 31.Rc7 {#r} 1-0

[Event "Bayern Landesliga North 1996/97"]
[Site "masterchessopen.com Germany"]
[Round "0"]
[White "Rudolph Johannes (GER)"]
[Black "Klein Volker (GER)"]
[Result "0-1"]
[WhiteElo "2288"]
[BlackElo "2219"]

1.d4 Nf6 2.c4 e6 3.Nc3 Bb4 4.f3 d5 5.a3 Bxc3+ 6.bxc3 c5 7.cxd5 Nxd5 8.dxc5 Qa5
9.e4 Nf6 10.Be3 O-O 11.Qb3 Nfd7 12.Rd1 Qc7 13.Bb5 Nxc5 14.Qc4 b6 15.Bxc5 bxc5
16.Ne2 Nd7 17.Bxd7 Bxd7 18.O-O Rab8 19.a4 e5 20.Nc1 Be6 21.Qa6 c4 22.Qd6 Qxd6
23.Rxd6 Rfd8 24.Rfd1 Rxd6 25.Rxd6 Kf8 26.Kf2 Rb6 27.Rxb6 axb6 28.Ke3 Bd7 29.f4
f6 30.fxe5 fxe5 31.Na2 Ke7 32.Nb4 Kd6 33.Nd5 Kc5 34.h4 Bxa4 35.g3 Bc6 36.Nb4
Bb7 37.Kf3 Kb5 38.Ke3 Ka4 39.Kf3 Kb3 40.Nd5 b5 41.Kg4 b4 42.cxb4 c3 {#R} 0-1